Las corrientes literarias en la América hispánica /

Guardado en:
Detalles Bibliográficos
Autor principal: Henríquez Ureña, Pedro (autor)
Otros autores: Díez-Canedo, Joaquín (traducción) (traducción)
Formato: Libro
Idioma:Español
Publicado: México : Fondo de Cultura Económica, 1954, c1954
Etiquetas: Agrega una etiqueta
Sin etiquetas, Sé el primero en etiquetar este registro!

MARC

LEADER 00000nam^a2200000^a^4500
001 000625828
005 20251211000000.0
009 20260310134023.82
037 |a Acervo ITESO - Biblioteca 
041 |a ESP 
091 |a FOB. 03749 
100 |a Henríquez Ureña, Pedro  |e (autor) 
245 1 4 |a Las corrientes literarias en la América hispánica / 
264 4 |a México :  |b Fondo de Cultura Económica,  |c 1954, c1954 
300 |a 340 p. 
336 |a texto  |b txt  |2 rdacontenido 
337 |a sin mediación  |b n  |2 rdamedio 
338 |a volumen  |b nc  |2 rdasoporte 
649 |a XX 
700 |a Díez-Canedo, Joaquín  |e (traducción) 
910 |a Fondo Carlos de Obeso Orendain 
920 |a Impresos - Libros 
930 |a Fondos Especiales 
940 |a Literatura 
905 |a 147 
901 |a 625828-10  |b IT2  |c ESP  |i D  |u 20251211 
902 |a https://opac.biblio.iteso.mx/vufind/Record/000625828